Anandi Gopal / (Record no. 130906)
[ view plain ]
| 000 -LEADER | |
|---|---|
| fixed length control field | 00717nam a22002417a 4500 |
| 005 - DATE AND TIME OF LATEST TRANSACTION | |
| control field | 20170124110119.0 |
| 010 ## - LIBRARY OF CONGRESS CONTROL NUMBER | |
| LC control number | A-573405 |
| 020 ## - INTERNATIONAL STANDARD BOOK NUMBER | |
| Terms of availability | 00.00 |
| International Standard Book Number | 8185604002 |
| 035 ## - SYSTEM CONTROL NUMBER | |
| System control number | A-573405 |
| 037 ## - SOURCE OF ACQUISITION | |
| Source of stock number/acquisition | Cen Lib/Ret |
| 040 ## - CATALOGING SOURCE | |
| Original cataloging agency | DPL |
| Language of cataloging | EN |
| 082 ## - DEWEY DECIMAL CLASSIFICATION NUMBER | |
| Classification number | N |
| Item number | JOS |
| 100 ## - MAIN ENTRY--PERSONAL NAME | |
| Personal name | Joshi, S J |
| 9 (RLIN) | 30393 |
| 245 ## - TITLE STATEMENT | |
| Title | Anandi Gopal / |
| Statement of responsibility, etc | by S J Joshi; traslated and abridged from the Marathi by Asha Damle |
| 260 ## - PUBLICATION, DISTRIBUTION, ETC. (IMPRINT) | |
| Place of publication, distribution, etc | Calcutta |
| Name of publisher, distributor, etc | Mandira Sen For Stree |
| Date of publication, distribution, etc | 1992 |
| 270 ## - ADDRESS | |
| City | Calcutta |
| Address | 16 southern avenue |
| Postal code | 700026 |
| 300 ## - PHYSICAL DESCRIPTION | |
| Extent | xii,272p. |
| Dimensions | 16cm(Hb) |
| 500 ## - GENERAL NOTE | |
| General note | Includes glossary |
| 650 ## - SUBJECT ADDED ENTRY--TOPICAL TERM | |
| Topical term or geographic name as entry element | Marathi literature |
| 9 (RLIN) | 30394 |
| 650 ## - SUBJECT ADDED ENTRY--TOPICAL TERM | |
| Topical term or geographic name as entry element | Marathi fiction |
| 9 (RLIN) | 30395 |
| 700 ## - ADDED ENTRY--PERSONAL NAME | |
| Personal name | Damble, Asha |
| 9 (RLIN) | 102074 |
| 942 ## - ADDED ENTRY ELEMENTS (KOHA) | |
| Source of classification or shelving scheme | Dewey Decimal Classification |
| Koha item type | English Books |
| Classification part | N |
| Call number suffix | JOS |
| Withdrawn status | Lost status | Damaged status | Not for loan | Home library | Current library | Date acquired | Source of acquisition | Cost, normal purchase price | Total Checkouts | Full call number | Barcode | Date last seen | Copy number | Cost, replacement price | Price effective from | Koha item type | Public note |
|---|---|---|---|---|---|---|---|---|---|---|---|---|---|---|---|---|---|
| Written off | Central Library | Central Library | 11/07/2015 | Cen Lib/Ret | 0.00 | N JOS | A-573405 | 11/07/2015 | 1 | 0.00 | 11/07/2015 | English Books | W/d List No. 6866/16 ; dtd 08/08/2020 |
